FIFA Country Codes of World Cup 2014 Teams - Statistics

General Stats
  • This quiz has been taken 407 times
  • The average score is 26 of 32
Answer Stats
Team Code % Correct
Brazil BRA
100%
Croatia CRO
100%
Mexico MEX
100%
Chile CHI
94%
Australia AUS
93%
Colombia COL
93%
Greece GRE
93%
England ENG
89%
France FRA
89%
Italy ITA
89%
Uruguay URU
89%
Argentina ARG
88%
Honduras HON
88%
Algeria ALG
87%
Belgium BEL
87%
Ecuador ECU
87%
Russia RUS
87%
Germany GER
86%
Ghana GHA
86%
Portugal POR
86%
United States USA
86%
Spain ESP
83%
Japan JPN
80%
Cameroon CMR
76%
Iran IRN
76%
Netherlands NED
67%
Nigeria NGA
59%
Costa Rica CRC
57%
South Korea KOR
55%
Switzerland SUI
52%
Côte d'Ivoire CIV
50%
Bosnia and Herzegovina BIH
38%
No matching quizzes found
Score Distribution
Percent of People with Each Score
Percentile by Number Answered
Your Score History
You have not taken this quiz